Historias de Palestina / (Record no. 71050)

MARC details
000 -LEADER
campo de control de longitud fija 00903nam a2200241 i 4500
001 - NÚMERO DE CONTROL
campo de control 71050
003 - IDENTIFICADOR DE NÚMERO DE CONTROL
campo de control ES-MaACL
005 - FECHA Y HORA DE LA ÚLTIMA TRANSACCIÓN
campo de control 20250911222625.0
007 - CAMPO FIJO DE DESCRIPCIÓN FÍSICA--INFORMACIÓN GENERAL
campo de control de longitud fija t|
008 - DATOS DE LONGITUD FIJA--INFORMACIÓN GENERAL
campo de control de longitud fija 040805s1972 sp ||||1| spa d
100 1# - ENTRADA PRINCIPAL--NOMBRE DE PERSONA
Nombre de persona Gaspar, Lorand.
9 (RLIN) 55883
245 10 - MENCIÓN DEL TÍTULO
Título Historias de Palestina /
Mención de responsabilidad, etc. Lorand Gaspar ; [traducción y notas, Ignacio Fontes y Susana Olmos ; anejo, Eduardo Haro Tecglen].
260 ## - PUBLICACIÓN, DISTRIBUCIÓN, ETC.
Lugar de publicación, distribución, etc. [Madrid] :
Nombre del editor, distribuidor, etc. Miguel Castellote,
Fecha de publicación, distribución, etc. [1972]
300 ## - DESCRIPCIÓN FÍSICA
Extensión 182 p., 1 h. map. ;
Dimensiones 17 cm.
490 1# - MENCIÓN DE SERIE
Mención de serie Colección de Bolsillo Básica, 15. Sección Política ;
Designación de volumen o secuencia 58-61
651 #4 - PUNTO DE ACCESO ADICIONAL DE MATERIA--NOMBRE GEOGRÁFICO
Nombre geográfico Palestina-
Subdivisión general Historia.
9 (RLIN) 9197
700 1# - ENTRADA AGREGADA--NOMBRE PERSONAL
Nombre de persona Fontes, Ignacio.
9 (RLIN) 51642
700 1# - ENTRADA AGREGADA--NOMBRE PERSONAL
Nombre de persona Olmos, Susana.
9 (RLIN) 86990
700 1# - ENTRADA AGREGADA--NOMBRE PERSONAL
Nombre de persona Haro Tecglen, Eduardo,
Fechas asociadas al nombre 1924-2005
9 (RLIN) 61879
830 0# - PUNTO DE ACCESO ADICIONAL DE SERIE-TÍTULO UNIFORME
Título uniforme Colección de Bolsillo Básica, 15. Sección Política ;
Designación de volumen o secuencia 58-61
9 (RLIN) 231058
852 ## - LOCALIZACIÓN
Ubicación ES-MaACL
Número de control de estantería C-52131
Sublocalización o colección R.84658
Holdings
Estatus retirado Estado de pérdida Estado de daño No para préstamo Biblioteca de origen Biblioteca actual Ubicación en estantería Fecha de adquisición Fuente de adquisición Total de préstamos Signatura topográfica completa Código de barras Visto por última vez Precio de reemplazo Tipo de ítem Koha
        Biblioteca del Ateneo de Madrid Biblioteca del Ateneo de Madrid Depósito 2 17/01/2008     C-52131 1074397 23/02/2023 23/02/2023 Libro impreso